| 000 | 00375nam a2200145Ia 4500 | ||
|---|---|---|---|
| 008 | 230312s9999||||xx |||||||||||||| ||und|| | ||
| 020 | _a978-8131731666 | ||
| 082 |
_a004.6 _bGAR-M |
||
| 100 | _aGarg;Kumkum | ||
| 245 | 0 | _aMobile Computing:Theory and Practice | |
| 260 |
_bPearsons _aIndia _c2017 |
||
| 300 | _a218 | ||
| 650 |
_aEngineering _vComputer/Electronic |
||
| 942 | _cBK | ||
| 999 |
_c14219 _d14219 |
||